00865nam a2200169 a 4500008004100000020001500041050001500056245003800071246004000109260003800149300002300187350000900210995015900219995015000378995015000528999001700678120416s0000 ||||||||||||||||| || u a0074600613 aTA 403 Ind10aBuilding materials and components atechnology for developing countries aNew DelhibTata McGraw-Hillc1990 aviii, 240p. : ill. a0.00 aMAIN LIBRARY OPEN ACCESSD0.00e724446FCBU-MAIN LIBRARY (Kitwe)H1I250.00jTA 403 IndM1ULOSTVMar 7, 2013y014154ZMain Library Open Access Collection aANNEX COLLECTION (Main Library)D0.00e724445FCBU-MAIN LIBRARY (Kitwe)H2I250.00jTA 403 IndM2UAVAILABLEy014155ZAnnex Low-Usage Collection  aANNEX COLLECTION (Main Library)D0.00e724444FCBU-MAIN LIBRARY (Kitwe)H3I250.00jTA 403 IndM3UAVAILABLEy014156ZAnnex Low-Usage Collection  c78933d78933